000 00319nam a2200133Ia 4500
008 221030s9999 xx 000 0 und d
041 _aEnglish
082 _a105.23
100 _aB. S. Raghuwanshi
245 2 _aA Course in Workshop TechnologyVol.1
_cby B. S. Raghuwanshi
260 _c0
650 _aB
942 _cBK
999 _c11071
_d11071